[Event "Geneva FIDE GP"]
[Site "Geneva"]
[Date "2017.07.06"]
[Round "1"]
[White "Aronian, Levon"]
[Black "Li, Chao B"]
[Result "1/2-1/2"]
[WhiteElo "2809"]
[BlackElo "2735"]
[Annotator "Yermolinsky,A"]
[PlyCount "89"]
[EventDate "2017.07.06"]
[EventType "swiss"]
[EventRounds "9"]
[EventCountry "SUI"]
[SourceTitle "CBM 180"]
[Source "ChessBase"]
[SourceDate "2017.09.13"]
[SourceVersion "1"]
[SourceVersionDate "2017.09.13"]
[SourceQuality "1"]

1. d4 Nf6 2. c4 g6 3. f3 e6 4. Nc3 c5 5. d5 d6 6. e4 Bg7 7. Nge2 exd5 8. cxd5
Nbd7 9. Ng3 h5 10. Be2 Nh7 11. Be3 h4 12. Nf1 O-O 13. Qd2 Re8 (13... a6 14. a4
f5 15. exf5 gxf5 16. Bh6 Re8 17. Bxg7 Kxg7 18. Ne3 Qf6 19. g4 {Vidit-Bai, 2017,
favoured White.}) 14. Bh6 Bd4 $1 {Li Chao does well by keeping his best minor
piece on the board.} 15. Ne3 $5 a6 $1 {Great timing.} ({Aronian was inviting} 
15... g5 16. Nf5 Ne5 17. Ng7 Re7 18. Nh5 f6 19. Nb5 $1 {with great
complications that might turn out to be favourable for White.}) 16. Nc2 ({
Now, as the b5-square is covered,} 16. a4 g5 17. Nf5 Ne5 18. Ng7 Re7 19. Nh5 f6
{looks fine for Black, who plans to answer} 20. f4 {with} Ng4 $1) 16... Be5 17.
Bf4 (17. a4 g5 $1 {again traps the white bishop.}) 17... b5 {Black has
achieved this all-important advance.} 18. O-O Bxf4 19. Qxf4 Ne5 20. Qh6 g5 21.
g3 ({The logical} 21. f4 {is a double-edged proposition. Black will be happy
to sac the h4-pawn,} gxf4 22. Rxf4 Qg5 23. Qxg5+ Nxg5 24. Rxh4 {to keep full
control over the critical e5-square, along with clear queenside prospects.})
21... hxg3 22. hxg3 Qf6 23. Qh2 Ng6 24. Ne3 Bd7 25. Kg2 Kg7 26. Rh1 Rh8 27. Qg1
Qe5 28. Qf2 Nf6 29. Raf1 Nh5 30. Rfg1 {White is 100% on the defensive, and Li
Chao decided to strike while the iron was hot.} Nhf4+ $5 ({Something has to be
said in favour of} 30... Rae8 {as there isn't much White can do with his
position.}) 31. gxf4 Bh3+ 32. Rxh3 Nxf4+ 33. Kf1 Nxh3 34. Qg3 Nxg1 35. Qxe5+
dxe5 36. Kxg1 c4 37. Nf5+ Kf6 38. d6 Ke6 39. a4 {In the endgame two rooks are
usually worth more than three minor pieces, and here Black also has an extra
pawn.} Kd7 ({He needed to stay cool:} 39... Rhb8 $1 {is only a temporary
inconvenience.} 40. axb5 $2 (40. Kf2 Kd7 41. Ke3 Kc6 {liberating the rook from
its defensive duty.}) 40... axb5 41. Nxb5 Ra1+ 42. Kf2 Rc1 $1 {this one is
very easy to miss. Black keeps his c-pawn alive and because of that he can
bury the white bishop.} 43. Na3 Rxb2 $19) 40. axb5 axb5 41. Nxb5 Ra2 (41... Ra4
42. Nc3 Rb4 43. Nd5 Rxb2 44. Bxc4) 42. Bxc4 Rxb2 43. Nc7 Rhh2 44. Bb5+ Kd8 45.
Ne3 {Somewhat surprisingly the players agreed to a draw here. Despite his
inaccuracy on move 39, Li could have still gone on.} 1/2-1/2

[Event "FIDE-Wch k.o."]
[Site "Moscow"]
[Date "2001.11.30"]
[Round "2.4"]
[White "Shabalov, Alexander"]
[Black "Khalifman, Alexander"]
[Result "0-1"]
[WhiteElo "2585"]
[BlackElo "2702"]
[Annotator "Hazai,L"]
[PlyCount "70"]
[EventDate "2001.11.27"]
[EventType "k.o."]
[EventRounds "7"]
[EventCountry "RUS"]
[SourceTitle "CBM 086"]
[Source "ChessBase"]
[SourceDate "2002.02.05"]
[SourceVersion "1"]
[SourceVersionDate "2002.02.05"]
[SourceQuality "1"]

1. d4 Nf6 2. c4 g6 3. g3 c6 4. d5 {This anti-Grunfeld move gives away the
opening advantage immediately.} (4. Bg2 $142 d5 {leads to the Neo Grunfeld
defence.}) 4... Bg7 (4... cxd5 5. cxd5 Qa5+ {Black wants to exploit the
weakness on the diagonals a5-e1 and a1-h8 quickly.} (5... d6 6. Nc3 Bg7 7. Bg2
Qa5 {- 5...Qa5} (7... O-O 8. Nf3 Nbd7 $6 9. O-O Nb6 10. a4 Bg4 11. Nd4 a6 12.
h3 Bc8 13. b3 $1 Bd7 14. Be3 Rc8 15. Qd2 $16 {Euwe-Stahlberg, Zuerich 1953}))
6. Nc3 Bg7 (6... b5 {is another agressive try leading to complicated positions.
} 7. Bg2 d6 8. a3 (8. Nf3 $2 {This seemingly normal developing move runs into}
b4 {losing d5.}) 8... b4 9. Na2 bxa3+ 10. Bd2 Qb6 $1 (10... Qd8 11. Qa4+ Qd7
12. Qxa3 Bg7 {(Korchnoi-Uhlmann, Sarajevo 1969 7/566)} 13. Nc3 $14) 11. bxa3
Bg7 $13 {Korchnoi}) (6... Ne4 7. Qd4 Nxc3 8. Bd2 Qxd5 $2 9. Qxc3 Nc6 10. Qxh8
Nd4 11. Rc1 Qxh1 12. Qxd4 Qxg1 13. Qxa7 $1 $18) 7. Bg2 d6 8. Bd2 (8. e4 $2 Bg4
$1 9. f3 $2 (9. Nge2 Bxe2 10. Kxe2 {was more persistant, although after} (10.
Qxe2 $2 Nxe4) 10... Nbd7 {Black has an excellent position.}) (9. Qb3 Na6 10.
Qxb7 O-O $44) 9... Nxe4 $3 $19 {After this combination White's position
collapses.} 10. fxg4 (10. Qa4+ Qxa4 11. Nxa4 Bd7 $19) 10... Nxc3 11. Qd2 (11.
bxc3 Qxc3+) 11... Qc5 12. a4 Na6 $1 $19 {Nenashev-Yandemirov, Omsk 1996 CBM 57}
) 8... O-O 9. e3 Nbd7 10. Nge2 Ne5 11. O-O Nc4 (11... Bg4 12. f3 Bd7 $13) 12.
Bc1 Bg4 13. Qb3 Rfc8 14. Nd4 (14. Qxb7 $2 {loses the Q after} Rab8 15. Qxe7 Re8
$19) 14... Bd7 15. Rd1 {(Korchnoi-Geller, Moscow m/7 1971 11/555)} Qc5 $1 $13 {
Gufeld}) (4... b5 {?! ECO} 5. dxc6 bxc4 6. cxd7+ Nbxd7 7. Bg2 Rb8 8. Nc3 Qa5 (
8... Bg7 9. Nf3 O-O (9... Qa5 {- 8...Qa5}) 10. Qa4 Nb6 11. Qa3 Nfd5 12. O-O $14
{Furman-Saidy, Tallinn 1971 11/554}) 9. Nf3 Bg7 10. O-O O-O 11. Qc2 Bb7 {
Black has a very active piece play.} 12. Bd2 Nb6 13. Rad1 Nfd7 14. Be3 Rfc8 15.
Rd2 Nc5 16. Rfd1 Nba4 17. Bxc5 Nxc5 18. Nd4 Bxg2 19. Kxg2 e6 $15 {Saidy-I.
Gurevich, St-Martin 1992}) 5. Bg2 (5. Nc3 O-O 6. Bg2 Na6 (6... d6) 7. Nf3 (7.
e4 d6 8. Nge2 Nc5 $11) 7... cxd5 8. cxd5 b5 $5 {Black wants to attack White's 
[+] by side.} 9. O-O (9. a3 {defending against} b4 {but it comes anyway.} 10.
axb4 Nxb4 {>< d5} 11. O-O Bb7 12. e4 e6 {Black has to blow up White's strong P
[+].} 13. Be3 a5 (13... exd5 14. Bc5 dxe4 $13) 14. dxe6 dxe6 $10 15. Qxd8 $6
Rfxd8 16. Bb6 Rdc8 17. Bxa5 Nd3 $15) 9... b4 {The N has no good square.} 10.
Nb5 (10. Na4 Bb7 11. Ne1 (11. d6 e6 $15 {><d6}) 11... d6 $1 $15 {/\ Qa5}) 10...
Qa5 {(Djuric-Stohl, Tallinn 1986 42/748)} 11. a4 Bb7 12. d6 (12. Nfd4) 12...
exd6 $1 13. Nxd6 Bd5 $13 {Stohl}) 5... O-O (5... Qa5+ 6. Nc3 Qb4 7. Qd3 d6 8.
Kf1 cxd5 9. cxd5 Na6 10. a3 {1/2-1/2 Petrosian-Ree, Amsterdam 1973}) 6. Nh3 {
/\ Nf4 protecting the vital d5 square.} (6. Nf3) 6... cxd5 7. cxd5 d6 8. Nf4 (
8. O-O Na6 9. Be3 {/\ Bd4} Bd7 10. Bd4 Qa5 11. Nc3 Rfc8 12. Nf4 Nc5 {Black has
enough counterplay on the <<.} 13. Rc1 Na4 14. Qb3 Nxc3 15. Bxc3 Qb5 {1/2-1/2
Huebner-Bukic, Bugojno 1978}) 8... Na6 (8... g5 $6 {only weakens the >>} 9. Nd3
$16) 9. O-O (9. h4 $5 {protects the f4 N, but g5 was not yet a threat.} Nc5)
9... Nc5 (9... e5 10. dxe6 fxe6 {eliminates White's strong central pawn, but
creates some weaknesses in the [+].} 11. Nc3 (11. e4 e5) 11... d5 12. e4 Nxe4
13. Nxe4 dxe4 14. Bxe4 Nc5 15. Bg2 e5 16. Nd5 $14) 10. Nc3 Bf5 {fighting for
>< e4.} 11. Be3 {/\ Bd4 is a typical manoeuvre here.} Rc8 12. Bd4 a5 13. e4 Bd7
{/\ b5 with a counterplay on the <<.} 14. e5 {White destroys his own P [+].} (
14. a3 {looked more solid, but after} Ng4 15. Bxg7 Kxg7 16. b4 axb4 17. axb4
Na6 18. Qd2 Qb6 $11 {there is an annoying pressure on >< b4.}) 14... dxe5 15.
Bxe5 Bg4 (15... b5 $5 {was also interesting.}) 16. Qe1 $6 {overlooking Black's
reply.} (16. Qd4 Ncd7 {eliminates the strong B.}) (16. f3 Bf5) 16... g5 $1 17.
Bxf6 (17. Nh3 Nd3 {gets the ^^.} 18. Qe3 Nxe5 19. Qxe5 h6 $15 {and the N on h3
is out of play.}) 17... Bxf6 18. Nfe2 Nd3 19. Qd2 Nxb2 {winning the P, but
White has still chances only because of the ^-.} 20. Qxb2 Bxe2 21. Qxe2 Rxc3
22. Rab1 Qc7 23. Qh5 (23. d6 Qxd6 24. Rxb7 Rfc8) 23... Kg7 24. Be4 h6 {White's
threats on the >> are easily parried.} 25. Rfe1 (25. f4) 25... b6 26. Rbd1 Qd6
27. Qg4 {White has to defend himself passively, but the great attacking player
Shabalov is not happy doing that!} Rh8 28. Bb1 $6 (28. Qh5) 28... h5 {Now
Black gets additional chances on the >>.} 29. Qf5 h4 30. Kg2 Rc7 31. Qg4 b5 32.
Re3 Rc4 33. Qf5 Qc5 34. Re6 $4 {White miscalculates the consequences. The
passive defence was the only possibility.} hxg3 (34... fxe6 $4 {falls into the
trap after} 35. Qg6+ Kf8 36. dxe6 Qc6+ 37. Kf1 Qe8 38. Rd8 $18) 35. hxg3 fxe6 {
Now this is winning.} (35... fxe6 36. Qg6+ Kf8 37. dxe6 Rh2+ $1 {This is the
point! Black's counterattack is decisive.} 38. Kxh2 Qxf2+ 39. Kh1 Qf3+ 40. Kh2
Qe2+ $19) 0-1

[Event "London Classic 9th"]
[Site "London"]
[Date "2017.12.03"]
[Round "2"]
[White "So, Wesley"]
[Black "Nepomniachtchi, Ian"]
[Result "1/2-1/2"]
[WhiteElo "2788"]
[BlackElo "2729"]
[Annotator "Yermolinsky,A"]
[PlyCount "53"]
[EventDate "2017.12.01"]
[EventType "tourn"]
[EventRounds "9"]
[EventCountry "ENG"]
[EventCategory "22"]
[SourceTitle "CBM 182"]
[Source "ChessBase"]
[SourceDate "2018.01.17"]
[SourceVersion "1"]
[SourceVersionDate "2018.01.17"]
[SourceQuality "1"]

1. d4 Nf6 2. c4 g6 3. f3 {The Anti-Grünfeld recipe, commonly used on the top
level since Kramnik-Shirov, Casorla (9) 1998.} d6 ({The same opponents had a
game in 2015 that went into a Modern Benoni after} 3... e6 4. e4 c5 5. d5 d6 6.
Nc3 Bg7 7. Nge2 exd5 8. cxd5 O-O 9. Ng3) 4. e4 e5 5. Ne2 c5 $6 {The Old Benoni
is a rare guest in grandmaster games.} 6. d5 Nbd7 $6 {The knight is misplaced
here.} ({Grischuk-Nepo, World Blitz 2013 went} 6... h5 7. h4 Bh6 8. Bxh6 Rxh6
9. Qd2 Rh8 10. Nbc3 Na6 {and White applied a typical positional squeeze to win
in 39 moves.}) 7. Nbc3 a6 8. a4 $6 {I don't see why White should even bother
with preventing b7-b5. A pawn sac with the black pawn on e5 would be
unthinkable even for the most die-hard Benko fan.} (8. h4 h5 9. Be3 $16 {
I don't get it. What does Nepo see in this position?}) 8... Nh5 9. g3 {
Normally in the Sämisch KID White doesn't play like this.} ({If only White
kept his a-pawn where it belonged, he would have been happy to accept the
upcoming pawn sac.} 9. Be3 Bg7 10. g4 Nf4 {Absolutely forced.} 11. Nxf4 exf4
12. Bxf4 Bd4 13. Qd2 Ne5 14. Be2 Bd7 15. h4 {as it is, Black would get chances
after} Qb6) 9... Bg7 10. h4 $5 ({Another interesting move was} 10. Bh3 O-O 11.
O-O {anticipating} f5 12. exf5 gxf5 13. Qc2 {In that case, same as in the game
Black suffers the consequence of his early developing with Nbd7, as Bc8
remains blocked.}) 10... f5 11. exf5 gxf5 12. g4 $1 fxg4 13. fxg4 Nf4 14. g5
O-O 15. Ne4 Nb6 $1 {Ian grabs a chance to get that knight out of the way.} 16.
N2g3 {The correct approach. White needs to keep the situation from getting out
of control.} ({The point was} 16. a5 $2 Nxc4 $1 17. Nxf4 exf4 18. Bxc4 Re8 {
with a strong attack.}) 16... Bd7 17. Rg1 Kh8 18. Bd2 (18. Nxd6 Bxa4 19. Nxb7
Qc7 20. Rxa4 Nxa4 21. Qxa4 Qxb7 22. Ne4 Rab8 $13) 18... Nc8 {On the face of it
Wesley's kingside advantage should ensure a long-term edge for White, but
playing such positions takes a very subtle approach.} 19. Nh5 $2 {I don't like
this plan. Trading pieces just feels wrong.} ({Suppose we start with} 19. h5 h6
20. g6 Qc7 {and now White, whose king appears to be safe, can try the other
side:} 21. a5 Ne7 22. b4 $6 Nf5 23. bxc5 dxc5 24. Nxf5 Bxf5 25. Qf3 {only to
find himself under pressure after} b5 $1) (19. a5 Qc7 20. h5 $1 {only now when
the black queen no longer attacks the g5-pawn.} h6 21. Qc2 Ne7 22. O-O-O b5 23.
Ne2 $1 {So much for the positional squeeze. Instead, White is trying to get to
the black king!} b4 24. Nxf4 exf4 25. gxh6 Bxh6 26. Kb1 Nf5 27. Qd3 $16) 19...
Bf5 20. Neg3 (20. Nef6 Nxh5 21. Nxh5 Ne7) 20... Qd7 21. Nxg7 Qxg7 22. Nxf5 Rxf5
23. Qb3 Na7 24. Qb6 {A disappointing finish.} ({I guess Wesley was not quite
happy with allowing} 24. O-O-O b5 {but White might still be better.}) 24... Nc8
25. Qb3 Na7 26. Qb6 Nc8 27. Qb3 1/2-1/2

[Event "Tata Steel-A 73rd"]
[Site "Wijk aan Zee"]
[Date "2011.01.25"]
[Round "9"]
[White "Grischuk, Alexander"]
[Black "Giri, Anish"]
[Result "1/2-1/2"]
[WhiteElo "2773"]
[BlackElo "2686"]
[Annotator "Moradiabadi,E"]
[PlyCount "95"]
[EventDate "2011.01.14"]
[EventType "tourn"]
[EventRounds "13"]
[EventCountry "NED"]
[EventCategory "20"]
[SourceTitle "CBM 141"]
[Source "ChessBase"]
[SourceDate "2011.03.17"]
[SourceVersion "1"]
[SourceVersionDate "2011.03.17"]
[SourceQuality "1"]

1. d4 Nf6 2. c4 g6 3. f3 Nc6 $5 4. d5 Ne5 5. e4 d6 6. Nc3 (6. Ne2 Bg7 7. Nec3
O-O 8. Be2 e6 9. O-O exd5 10. cxd5 c6 11. dxc6 bxc6 12. Be3 Re8 13. Nd2 d5 $1
$36 {0-1 Mamedyarov,S (2719)-Carlsen,M (2801)/Moscow 2009/EXT 2010 (29)}) 6...
Bg7 7. f4 Ned7 8. Nh3 (8. Nf3 O-O 9. Bd3 c6 10. O-O Nc5 11. Bc2 Qb6 12. Kh1 Bg4
13. Rb1 a5 14. Be3 Nfd7 15. Qe2 Qc7 {1/2-1/2 Vitiugov,N (2709)-Tomashevsky,E 
(2695)/Moscow 2011/CB06_2011}) 8... O-O 9. Be2 Nc5 10. Nf2 e6 $146 (10... Re8
11. O-O e5 12. dxe6 Bxe6 13. Qc2 Bd7 14. Bf3 Bc6 15. Bd2 a5 {[%csl Gc5]} 16.
Rfe1 Nfd7 17. Rad1 Qe7 18. b3 Qf8 19. Nb5 $1 $14 {1/2-1/2 Grischuk,A (2771)
-Kurnosov,I (2676)/Moscow 2010/CB00_2011 (41)}) 11. O-O exd5 12. cxd5 c6 13.
dxc6 (13. Be3 {would not work, as a result of overload on the e-file} Nfxe4 14.
Nfxe4 Nxe4 15. Nxe4 Re8 16. Bf3 Bf5 17. dxc6 Bxe4 18. cxb7 Bxb7 $1 19. Bxb7 Rb8
20. Bd5 Rxe3 21. f5 Qh4 22. fxg6 Bd4 $1 23. Kh1 (23. gxf7+ $4 {loses to} Kf8
24. Kh1 Be5 25. g3 Bxg3 26. Qd2 Bxh2 $19) 23... Be5 24. g3 Bxg3 25. Qc2 Bxh2
26. Rxf7 Be5+ 27. Kg1 Rg3+ 28. Kf1 Qh3+ 29. Bg2 Qe6 {and Black is better.})
13... bxc6 14. Bf3 Qe7 15. Be3 d5 16. e5 Nfd7 17. b4 Ne6 18. b5 Nb6 19. f5 (19.
Rc1 d4 20. Bxd4 Rd8 21. Ne2 c5 22. Bxa8 Nxa8 23. Bxc5 Nxc5 24. Qc2 Bf8 25. Rfd1
Nb6 $132) 19... gxf5 20. Bxb6 axb6 21. bxc6 Bxe5 22. Nxd5 Qh4 23. g3 Qg5 24.
Bg2 (24. Nd3 Bxa1 25. Qxa1 Qg7 26. Ne7+ Kh8 27. Qxg7+ Nxg7 28. Ne5 $44) 24...
Ba6 $5 25. Re1 Bd4 26. Rc1 Bb5 (26... Rad8 {is too complicated to assess!} 27.
Qf3 $1 (27. c7 Rd7 28. Qa4 Qd2 29. Qxd7 Bxf2+ 30. Kh1 Bxe1 31. c8=Q Bxc8 32.
Rxc8 Rxc8 33. Qxc8+ Kg7 34. Ne7 Kf6 35. Nd5+ Kg7 $11) 27... Rfe8 28. Kh1 $14)
27. c7 Rxa2 28. c8=Q (28. Rc2 $2 Ba4 29. Qxd4 Nxd4 30. Rxa2 Bb3 31. Nh3 Qh6 32.
Ra8 Rxa8 33. Ne7+ Kg7 34. Bxa8 Qd2 35. Rf1 Be6 $17) 28... Bxf2+ 29. Kh1 Rxc8
30. Rxc8+ Kg7 31. Rxe6 (31. Qb1 Ra5 32. Rd1 Bd4 {should be better for White.
It is not obvious whether Black has sufficient compensation for the sacrificed
exchange, even though he has got two pawns in return.}) 31... fxe6 32. Nf4 Kh6
$1 33. Qb1 Ra5 34. Nxe6 $4 {A terrible blunder!} Qf6 {[%csl Ra1,Re6]} 35. Qc1+
f4 36. Rc3 Be3 $4 {Returns the favour!} 37. Qe1 Bf2 ({IvanHoe 9.47b x64:} 37...
Qxe6 38. gxf4 Bd7 39. Rxe3 Qf6 40. Rc3 Rc5 41. Rd3 Bc6 42. Qd1 Kg7 43. Rg3+ Kf8
44. Kg1 Bxg2 45. Kxg2 b5 46. Qd7 h5 47. Qb7 Rc2+ 48. Kh1 Qc6+ 49. Qxc6 Rxc6 50.
Rb3 Rc5 51. Kg2 Ke7 52. Kf3 Kf6 53. Ke4 Ke6 54. Re3 {[%eval -13,26]}) 38. Qc1
Be3 39. Qe1 Qxe6 40. gxf4 Qf6 41. Qxe3 Ra1+ 42. Rc1 Bd7 43. h3 Rxc1+ 44. Qxc1
Qd4 45. Qc7 Bf5 46. Qe7 Qxf4 47. Qf6+ Kh5 48. Qxb6 1/2-1/2

[Event "Moscow Aeroflot op-A"]
[Site "Moscow"]
[Date "2005.02.17"]
[Round "3"]
[White "Kotsur, Pavel"]
[Black "Sutovsky, Emil"]
[Result "0-1"]
[WhiteElo "2598"]
[BlackElo "2669"]
[Annotator "Hazai,L"]
[PlyCount "74"]
[EventDate "2005.02.15"]
[EventType "swiss"]
[EventRounds "9"]
[EventCountry "RUS"]
[SourceTitle "CBM 106"]
[Source "ChessBase"]
[SourceDate "2005.06.06"]
[SourceVersion "1"]
[SourceVersionDate "2005.06.06"]
[SourceQuality "1"]

1. d4 Nf6 2. c4 g6 3. Nf3 Bg7 4. g3 c5 5. d5 (5. Bg2 {can avoid the following
complications.}) 5... b5 $5 (5... O-O 6. Nc3 {hindering b7-b5 forever.}) 6.
cxb5 Qa5+ (6... a6 {transposes to the Benko Gambit.}) 7. Bd2 (7. Nfd2 Bb7 {
and the important central P will fall.} 8. Bg2 Bxd5 9. Bxd5 Nxd5 10. Qb3 Nb6
$17 {P.Nikolic-Ree, Wijk aan Zee 1884 37/(638)}) 7... Qxb5 8. Nc3 (8. Bc3 O-O
9. e4 Qb7 $13 {and White's pieces do not harmonize together.}) 8... Qb6 (8...
Qb7 {is the other option.} 9. Bg2 (9. d6 $5) 9... d6 10. O-O O-O (10... Bg4 11.
Qa4+ Nbd7) 11. h3 (11. e4 Nbd7 12. Rb1 Qc7 13. Re1 Ng4 {Black has a typical
Benko type of position without sacrificing the a P.} 14. Nb5 Qb6 15. a4 Rb8 16.
Bc3 Bxc3 17. bxc3 Qa5 18. Nd2 Nb6 $13 {Todorcevic-P.Popovic, Cetinje 1993})
11... Na6 (11... Nbd7 12. b3 Nb6 13. e4 a5 {1/2-1/2 A.Kiss-Feher, Hungary 1995}
) 12. e4 Nd7 13. Rb1 Qc7 $1 (13... Rb8 $6 14. Bf4 Qc7 15. Qd2 Qa5 16. Rfe1 $1
$16 {Hort-I.Sokolov, Biel 1989 48/763}) 14. Bf4 Qa5 15. Nd2 (15. Qd2 Nb6) 15...
Nc7 16. Nc4 Qa6 $1 17. Qd3 Nb5 $13 {I.Sokolov}) 9. Bg2 (9. Ne5) 9... d6 10. O-O
O-O 11. Qc2 (11. a3 Na6 12. Bc1 Nc7 13. Re1 Ba6 {Black's counterchances on the
<< are real.} 14. e4 Nd7 15. Qc2 Rab8 $13 {Vucic-I.Sokolov, Bihac 1999}) 11...
Na6 12. Bf4 Rb8 13. b3 Nb4 14. Qd2 Bb7 {Black has a nasty pressure against ><
d5.} (14... Bf5 15. Nh4) 15. Nh4 {The N is really badly placed here.} (15. e4
Ba6 {exploiting the weakness of >< d3.} 16. Rfd1 Nd3 17. Bf1 (17. Bg5 Ng4)
17... Nxf4 18. Qxf4 Bc8 $15) 15... Rfc8 16. Rac1 Qa5 17. Rfd1 c4 18. a3 (18.
bxc4 Rxc4 19. e4 Rbc8 $17) 18... cxb3 $1 {This is a nice positional piece
sacrifice, the b o^ will become very dangerous.} 19. Nb1 (19. axb4 Qxb4 20. Qb2
Rc4 21. Rd3 Nxd5 $17) 19... b2 (19... Rc2 $143 20. axb4 Rxd2 21. bxa5) (19...
Rxc1 $5 {deserves serious attention.} 20. Rxc1 b2 $1 (20... Nfxd5 21. axb4 Qxb4
22. Qxb4 Nxb4 23. Bxb7 $16) 21. Rc4 Nfxd5 (21... Bxd5 22. Bxd5 Nfxd5 23. axb4
Qa2 24. Qc2 Nxb4 25. Rc8+ Bf8 26. Rxb8 Nxc2 27. Bh6 Qxb1+ 28. Kg2 Qf1+ 29. Kxf1
b1=Q+ 30. Rxb1 Bxh6 $44) 22. axb4 Qa1 23. Qc2 Nc3 24. Rxc3 Bxc3 25. Bxb7 Rxb7
$15 {and White's pieces are really badly placed.}) 20. Rxc8+ Bxc8 21. Be3 (21.
axb4 Qxb4 $44) 21... Ng4 (21... Nfxd5 22. axb4 Nxb4 $44) 22. axb4 Qxb4 23. Bxa7
Qxd2 24. Rxd2 Rb4 25. Rc2 Ba6 26. Nf3 Ra4 27. h3 Ne5 28. Nfd2 Nc4 29. Nxc4 Bxc4
30. Be4 $2 {This loses outright!} (30. Kh2 f5 $44) 30... Ba6 $1 $19 31. Rc6 Bb7
32. Rc7 Rxa7 33. Rxe7 f5 34. Bd3 Bd4 35. e3 $2 Bxd5 $1 36. Re8+ Kf7 37. Rb8 Bf6
0-1